000 00948nam a22002897a 4500
001 BR7000770
003 BR-BrBNA
005 20230928083616.0
007 ta
008 230509b bl.||||| |||| 00| 0 por d
040 _aBR-BrBNA
_bpor
_cBiblioteca Nacional de Agricultura
041 _a(Por)
072 _aP10; E30
_b/G514
090 _ P10 BR7000770
110 1 _aPrefeitura Municipal de Campo Grande, MS (Brasil);
_97866
110 1 _aHidroservice, Sao Paulo, SP (Brasil)
245 1 _aPlano de desenvolvimento integrado do municipio de Campo Grande [Aguas superficiais; Tratamento da agua; Mato Grosso; Brasil]
_bv. 3A - Estrutura Urbana 1
260 3 _aCampo Grande, MT (Brasil):
_c1970.
300 _a67 p.
650 _aRECURSO HIDRICO
650 _aPROJETO DE DESENVOLVIMENTO
650 _aAGUAS SUPERFICIAIS
650 _aTRATAMENTO DA AGUA
650 _aMATO GROSSO
909 _a202309
_bLucia
_c55
_dLucia Elande
942 _cBK
999 _c14448
_d14448